02145cam a2200505 i 45000010005000000030006000050050017000110080041000280100017000690200030000860200018001160400032001340420014001660500024001800820020002041000040002242450039002642600037003033000024003403360021003643370025003853380023004105200425004336500040008586500053008986500029009516500032009806500033010126500035010456500035010806500031011156500044011466500020011906500043012106500024012536510040012776510031013176510022013486550028013706550042013989060045014409420015014859990015015009520124015152955FISKH20240125110938.0160912t20172017nyu j 000 1 eng c a 2016037797 a9781338053920 (hardcover) a9781338169973 aNJQ/DLCbengcNJQerdadDLC alcacapcc00aPZ7.1.T468bGo 201704a823.92aFic2231 aThompson, Lisaq(Lisa Anne),d1973-14aThe goldfish boy /cLisa Thompson. aNew York : bScholastic, c2017. a313 pages ;c20 cm  atext2rdacontent aunmediated2rdamedia avolume2rdacarrier aEmotionally crippled by his obsessive-compulsive disorder, teenager Matthew Corbin rarely leaves his room on a cul-de-sac in London, and he passes the day observing and writing down his neighbors doings from his window--but when a toddler staying next door disappears Matt is the key to solving a mystery and possibly saving a child's life...if he can manage to expose himself, and his secret guilt to the outside world. 0aMissing childrenvJuvenile fiction. 0aObsessive-compulsive disordervJuvenile fiction. 0aGuiltvJuvenile fiction. 0aFamiliesvJuvenile fiction. 0aNeighborsvJuvenile fiction. 0aDetective and mystery stories. 1aMystery and detective stories. 1aMissing childrenvFiction. 1aObsessive-compulsive disordervFiction. 1aGuiltvFiction. 1aFamily lifezEnglandzLondonvFiction. 1aNeighborsvFiction. 0aLondon (England)vJuvenile fiction. 1aLondon (England)vFiction. 1aEnglandvFiction. 7aMystery fiction.2gsafd 7aDetective and mystery fiction.2lcgft a7bcbccorignewd1eecipf20gy-gencatlg 2ddccBKn0 c2955d2955 00102ddc40708FICa001b001cTKSFd2024-01-25l0oTHO Fic PZ7.T468 pFISSE01700r2024-01-25 11:09:32w2024-01-25yBK